Science Quiz

Random Science or Numbers Quiz

Odd Number Out Quiz Stats

Quiz Updated Dec 22, 2011

Challenge
Share
Tweet
Embed
Score 0/19 Timer 06:00
0 Plays Today
Divisible By... Odd One Out % Correct
2???
97.2%
5???
91.1%
3???
84.3%
10???
84.2%
20???
75%
11???
60.1%
9???
56.9%
6???
56.1%
4???
55.4%
7???
54.7%
Divisible By... Odd One Out % Correct
8???
49.7%
12???
40.3%
15???
35.5%
14???
34.7%
18???
30.4%
13???
28.6%
16???
28.4%
17???
24.1%
19???
22.9%

You're not logged in!

Compare scores with friends on all Sporcle quizzes.
Join for Free
OR
Log In

You Might Also Like...

Show Comments

Extras

Top Quizzes Today


Score Distribution

Your Account Isn't Verified!

In order to create a playlist on Sporcle, you need to verify the email address you used during registration. Go to your Sporcle Settings to finish the process.

Report this User

Report this user for behavior that violates our Community Guidelines.

Details: